What is That? - Geography #2 - Statistics

General Stats
  • This quiz has been taken 145 times
  • The average score is 7 of 15
Answer Stats
Question Answer % Correct
Tonga Country
100%
Atlas Mountain Range
100%
Xinjiang Region
80%
Bled Lake
60%
Gitega Capital
40%
Reunion Department
40%
Yoruba Ethnicity
40%
Okeechobee Lake
40%
Aconcagua Mountain
40%
Amur River
40%
Bulawayo City
20%
Molokai Island
20%
Tribeca Neighborhood
20%
Galilee Sea
20%
Taklamakan Desert
0%
No matching quizzes found
Score Distribution
Percent of People with Each Score
Percentile by Number Answered
Your Score History
You have not taken this quiz